Most Richest Countries #1 - Statistics

General Stats
  • This quiz has been taken 36 times
  • The average score is 15 of 15
Answer Stats
Picture Answer % Correct
Australia
100%
Brazil
100%
Canada
100%
China
100%
France
100%
Germany
100%
India
100%
Japan
100%
Spain
100%
Switzerland
100%
United Kingdom
100%
Italy
97%
Netherlands
97%
United States
97%
South Korea
94%
No matching quizzes found
Score Distribution
Percent of People with Each Score
Percentile by Number Answered
Your Score History
You have not taken this quiz